000
00339nam a22001457a 4500
008
221104b ||||| |||| 00| 0 eng d
020
_a
9780135981948
041
_a
eng
080
_a
159.9
082
_a
159.9 GRE
100
_a
25
101
_a
PSI
245
_a
EDUCATIONAL PSYCHOLOGY CASES FOR TEACHER
_c
GREENWOOD G
942
_2
udc
_c
BK
999
_c
58728
_d
58728